00910nam a2200217 a 450000100100000000500170001000800410002702000150006804000250008310000280010824501360013626000600027230000280033249000280036050000630038850000730045170000370052404900090056195201050057099900170067500002248520200930021633.0101012s1998 dr 001 0 spa d a8460576385 aDO-SdBNPbspacBNPHU1 aErrasti, Mariano93391414aLos primeros franciscanos en América :bIsla Española 1493-1520 /cErrasti, Mariano ; presentación Manuel García Arévalo. aSanto Domingo :bFundación García Arávalo,c1998. a278 p. :bil. ;c23 cm.1 aInvestigaciónvno. 18 aIncluye datos biográficos del autor en la contracubierta aIncluye referencias bibliográficas y notas al pie de las páginas1 aGarcía Arévalo, Mauel946330 aBNPD 0010718PDaPDbPDcCTd2010-10-12iLF1l0o p22485-10r2020-06-25w2020-06-25yLFPDZNo se presta c21983d21983